000 00708nam a22002537a 4500
001 126170
003 UA-OsUOA
005 20260629161840.0
007 ta
008 20171010b un ||||| |||| 00| 0 ukr d
020 _a530801731Х
040 _aUA-OsUOA
_bukr
_cUA-OsUOA
_dUA-OsUOA
041 _aukr
080 _a821.161.2
090 _a821.161.2
_bМ18
100 _aМаландій О. М.
_925699
245 _aКувала зозуля
_bпроза
260 _aК.
_bДніпро
_c2000
300 _a208 с.
650 7 _a821.161.2 Українська література
_2UDC
_941
942 _cBK
_2udc
955 _a3
999 _c413395
_d413395